| 000 | 01498nam a2200349Ia 4500 | ||
|---|---|---|---|
| 001 | ebr10739208 | ||
| 003 | CaPaEBR | ||
| 006 | m o u | ||
| 007 | cr cn||||||||| | ||
| 008 | 060804s2007 ilua sb s001 0 eng d | ||
| 010 | _z 2006025535 | ||
| 020 | _z9780809327546 (pbk. : alk. paper) | ||
| 020 | _z0809327546 (pbk. : alk. paper) | ||
| 020 | _z9780809387656 | ||
| 040 |
_aCaPaEBR _cCaPaEBR |
||
| 035 | _a(OCoLC)608168683 | ||
| 050 | 1 | 4 |
_aPE1404 _b.D3855 2007eb |
| 082 | 0 | 4 |
_a808/.042071 _222 |
| 100 | 1 |
_aDavis, Robert L., _d1965- |
|
| 245 | 1 | 0 |
_aTeaching multiwriting _h[electronic resource] : _bresearching and composing with multiple genres, media, disciplines, and cultures / _cRobert L. Davis and Mark F. Shadle. |
| 260 |
_aCarbondale : _bSouthern Illinois University Press, _cc2007. |
||
| 300 |
_axii, 226 p. : _bill. |
||
| 504 | _aIncludes bibliographical references (p. 203-220) and index. | ||
| 533 |
_aElectronic reproduction. _bPalo Alto, Calif. : _cebrary, _d2013. _nAvailable via World Wide Web. _nAccess may be limited to ebrary affiliated libraries. |
||
| 650 | 0 |
_aEnglish language _xRhetoric _xStudy and teaching. |
|
| 650 | 0 | _aInterdisciplinary approach in education. | |
| 650 | 0 | _aCreative writing (Higher education) | |
| 655 | 7 |
_aElectronic books. _2local |
|
| 700 | 1 |
_aShadle, Mark F., _d1949- |
|
| 710 | 2 | _aebrary, Inc. | |
| 856 | 4 | 0 |
_uhttp://site.ebrary.com/lib/rucke/Doc?id=10739208 _zAn electronic book accessible through the World Wide Web; click to view |
| 999 |
_c36431 _d36431 |
||